000
00352nam a2200133Ia 4500
008
100328s9999 xx 000 0 und d
082
_b
71450
100
_a
मेंगजी अशोक.
245
_a
यश अपयश
260
_b
लिलादत्त.
630
_a
यश अपयश
730
_a
यश अपयश
942
_c
BOOK
999
_c
557174
_d
557171